书目信息 |
| 题名: |
模拟电子技术基础典型题解析及自测试题
|
|
| 作者: | 张裕民 编著 | |
| 分册: | ||
| 出版信息: | 西安 西北工业大学出版社 2002.01 |
|
| 页数: | 223页 | |
| 开本: | 20cm | |
| 丛书名: | 工科课程提高与应试丛书 | |
| 单 册: | ||
| 中图分类: | TN01-44 | |
| 科图分类: | ||
| 主题词: | 无线电电子学--理论 , 通信技术--理论 | |
| 电子资源: | ||
| ISBN: | 7-5612-1405-7 | |
| 000 | 00735nam0 2200229 45 | |
| 001 | 8034641849 | |
| 005 | 1980012409372178 | |
| 010 | @a7-5612-1405-7@dRMB 10.00 | |
| 100 | @a19800124d2002 km y0chiy0120 ea | |
| 101 | 0 | @achi |
| 102 | @aCN@b610000 | |
| 200 | 1 | @a模拟电子技术基础典型题解析及自测试题@Amo ni dian zi ji shu ji chu dian xing ti jie xi ji zi ce shi ti@f张裕民编著@Fzhang yu min bian zhu |
| 210 | @a西安@c西北工业大学出版社@d2002.01 | |
| 215 | @a223页@d20cm | |
| 225 | 2 | @a工科课程提高与应试丛书 |
| 461 | 0 | @12001 @a工科课程提高与应试丛书 |
| 606 | 0 | @a无线电电子学@x理论 |
| 606 | 0 | @a通信技术@x理论 |
| 690 | @aTN01-44@v3 | |
| 701 | 0 | @a张裕民@Azhang yu min@4编著 |
| 801 | 0 | @aCN@bPFT@c19800124 |
| 905 | @dTN01-44@eZ234 | |
| 模拟电子技术基础典型题解析及自测试题/张裕民编著.-西安:西北工业大学出版社,2002.01 |
| 223页;20cm.-(工科课程提高与应试丛书) |
| ISBN 7-5612-1405-7:RMB 10.00 |
| ● |
| 相关链接 |
|
|
|
正题名:模拟电子技术基础典型题解析及自测试题
索取号:TN01-44/Z234
 
预约/预借
| 序号 | 登录号 | 条形码 | 馆藏地/架位号 | 状态 | 备注 |
| 1 | 360345 | 203603458 | 自科二线504/504自科库 8排2列4层/ [索取号:TN01-44/Z234] | 在馆 | |
| 2 | 360346 | 203603467 | 自科二线504/504自科库 8排2列4层/ [索取号:TN01-44/Z234] | 在馆 | |
| 3 | 360347 | 203603476 | 自科库301/301自科库 24排2列4层/ [索取号:TN01-44/Z234] | 在馆 | |
| 4 | 360714 | 203607141 | 自科库301/301自科库 24排2列4层/ [索取号:TN01-44/Z234] | 在馆 | |
| 5 | 360715 | 203607150 | 自科二线504/504自科库 30排2列4层/ [索取号:TN01-44/Z234] | 在馆 | |
| 6 | 360716 | 203607169 | 自科二线504/504自科库 30排2列4层/ [索取号:TN01-44/Z234] | 在馆 |